000 00917nam a2200229 a 4500
999 _c12359
_d12359
001 12359
003 BD-JhCC
005 20221011134023.0
008 210614s2019 bg a|||| |||| 000 0 mul d
035 _a(BD-JhCC)12359
040 _aBD-JhCC
_dBD-JhCC
041 _aBengla
041 _aArabic
082 _a911.74927
_bUDD 2019
100 _aউদ্দীন, মাওলানা মুহাম্মাদ হেমায়েত
245 _aইসলামী ভূগোল /
_cমাওলানা মুহাম্মাদ হেমায়েত উদ্দীন
260 _aঢাকা :
_bইতিহাস ও ভূগোল প্রকাশনা,
_c২০১৯।
300 _a৪০০ পৃ. :
_bচিত্রাবলী অর্ন্তভূক্ত।
_c২২ সেমি.
650 _aGeography,
_z Arab
650 _aGeography,
_z Medieval
942 _2ddc
_cBK
_03